Technológia tvárnenia. Plošné tvárnenie /

Main Author: Bača, Jozef, 1935-
Other Authors: Bílik, Jozef, 1961-, Tittel, Viktor
Language: Slovak
Published: Bratislava : Slovenská technická univerzita v Bratislave, 2004
Edition: 1. vyd.
Series: Edícia skrípt
Physical Description: 97 s. : il. ; 29 cm
Book
Saved in:
LEADER 01482nam a2200409 a 4500
001 000764265
003 CZ BrMZK
005 20190927122653.0
007 ta
008 050221s2004 xo a erp 000 0 slo d
020 |a 80-227-2156-5  |q (brož.) 
040 |a BOA001  |b cze 
072 7 |a 621  |x Strojírenství  |2 Konspekt  |9 19 
072 7 |a 37.016  |x Učební osnovy. Vyučovací předměty. Učebnice  |2 Konspekt  |9 22 
080 |a 621.96/.98  |2 MRF 
080 |a 621.98  |2 MRF 
080 |a (075.8)  |2 MRF 
100 1 |a Bača, Jozef,  |d 1935-  |7 mzk2005271925  |4 aut 
245 1 0 |a Technológia tvárnenia.  |p Plošné tvárnenie /  |c Jozef Bača, Jozef Bílik, Viktor Tittel 
246 3 0 |a Plošné tvárnenie 
250 |a 1. vyd. 
260 |a Bratislava :  |b Slovenská technická univerzita v Bratislave,  |c 2004 
300 |a 97 s. :  |b il. ;  |c 29 cm 
490 1 |a Edícia skrípt 
500 |a 100 výt. 
504 |a Obsahuje bibliografii 
541 |a Bratislava, Centrum vedecko-technických informácií SR 
650 0 7 |a plošné tváření  |7 ph864376  |2 czenas 
650 0 7 |a zpracování plechu  |7 ph118007  |2 czenas 
655 7 |a učebnice vysokých škol  |7 fd133772  |2 czenas 
700 1 |a Bílik, Jozef,  |d 1961-  |7 mzk2005271926  |4 aut 
700 1 |a Tittel, Viktor  |7 mzk2005271927  |4 aut 
830 0 |a Edícia skrípt 
910 |a BOA001  |b 3-1147.666 
990 |a BK 
991 |b 200503  |c NOV 
996 7 |b 2610242623  |c 3-1147.666  |l MZK  |r Sklad / do 1 hodiny  |n 19  |p vým  |w 000764265  |u 000010  |a 1  |e BOA001  |j MZK50  |s A